| 000 | 00430nam a2200169Ia 4500 | ||
|---|---|---|---|
| 008 | 240729s9999 xx 000 0 und d | ||
| 022 | _a2314-4939 | ||
| 245 | 0 | _aJournal of Spectroscopy | |
| 260 | _aUnited Kingdom | ||
| 260 | _bHindawi Limited | ||
| 650 | _a Optics. Light | ||
| 650 | _a Physics | ||
| 650 | _aScience | ||
| 856 | _uhttps://doaj.org/toc/b61241b3772b41caabca92b51a9dfc5b | ||
| 942 | _2ddc | ||
| 942 | _cDOAJEJ | ||
| 999 |
_c70230 _d70230 |
||
| 945 |
_a1 _bMadushi Gamage _c1 _dMadushi Gamage |
||